Normal view
MARC view
- Muhammad Ayaz Zakir
Entry Personal Name
001 - CONTROL NUMBER
- control field: 6846
003 - CONTROL NUMBER IDENTIFIER
- control field: NUST
005 - DATE AND TIME OF LATEST TRANSACTION
- control field: 20171203122336.0
008 - FIXED-LENGTH DATA ELEMENTS
- fixed length control field: 171203|| aca||aabn | a|a d
040 ## - CATALOGING SOURCE
- Original cataloging agency: NUST
- Transcribing agency: NUST
100 ## - HEADING--PERSONAL NAME
- Personal name: Muhammad Ayaz Zakir
670 ## - SOURCE DATA FOUND
- Source citation: Work cat.: (NUST): Muhammad Ayaz Zakir, Modeling and implementation of a compact high power L-Band ASK Modulated transmitter, 2017
